[Event "Plzen op 4th"]
[Site "Plzen"]
[Date "2012.11.20"]
[Round "3"]
[White "Frantsuzova, Lyudmila Nikola"]
[Black "Thonig, Manfred"]
[Result "1-0"]
[WhiteElo "1764"]
[BlackElo "1591"]
[PlyCount "97"]
[EventDate "2012.11.18"]
[EventType "swiss"]
[EventRounds "7"]
[EventCountry "CZE"]
[SourceTitle "CBM 151 Extra"]
[Source "ChessBase"]
[SourceDate "2012.12.18"]
[SourceVersion "1"]
[SourceVersionDate "2012.12.18"]
[SourceQuality "1"]

1. d4 d5 2. Nf3 Nf6 3. c3 e6 4. Bg5 Be7 5. e3 Ne4 6. Bf4 g5 7. Be5 f6 8. Bg3 h5 9. h3 Nxg3 10. fxg3 Bd6 11. Kf2 c6 12. Bd3 Qc7 13. Bg6+ Ke7 14. g4 Bg3+ 15. Ke2 h4 16. Qd3 Rg8 17. Rf1 b6 18. b3 Ba6 19. c4 Nd7 20. Nbd2 Rad8 21. Nxg5 dxc4 22. bxc4 Ne5 23. Qa3+ c5 24. Nxe6 Qb7 25. Be4 Bxc4+ 26. Kd1 Bd5 27. Nxd8 Rxd8 28. Bxd5 Qxd5 29. Qxa7+ Nd7 30. Rf5 Qxg2 31. d5 Qxh3 32. Qa4 Be5 33. Qe4 Kf7 34. Rb1 Re8 35. Rh5 Rg8 36. Rh7+ Ke8 37. Kc2 Qxg4 38. Rxh4 Qg3 39. d6 f5 40. Qa8+ Kf7 41. Qd5+ Kf8 42. Rh7 Rg7 43. Rbh1 Qg6 44. Rh8+ Rg8 45. Qa8+ Kf7 46. R1h7+ Rg7 47. Qe8+ Kf6 48. Rh6 f4+ 49. Rxg6+ 1-0

[Event "Plzen op 4th"]
[Site "Plzen"]
[Date "2012.11.18"]
[Round "1"]
[White "Frantsuzova, Lyudmila Nikola"]
[Black "Ilandzis, Spyridon"]
[Result "0-1"]
[WhiteElo "1764"]
[BlackElo "2179"]
[PlyCount "98"]
[EventDate "2012.11.18"]
[EventType "swiss"]
[EventRounds "7"]
[EventCountry "CZE"]
[SourceTitle "CBM 151 Extra"]
[Source "ChessBase"]
[SourceDate "2012.12.18"]
[SourceVersion "1"]
[SourceVersionDate "2012.12.18"]
[SourceQuality "1"]

1. d4 Nf6 2. Nf3 c5 3. c3 e6 4. Bg5 Qb6 5. Qc2 Nc6 6. e3 d5 7. a4 Ne4 8. Bf4 Bd6 9. Bxd6 Nxd6 10. Ne5 Nxe5 11. dxe5 Nf5 12. a5 Qc7 13. Bb5+ Ke7 14. f4 Nxe3 15. Qd2 Nf5 16. g4 Nh4 17. Qf2 Ng6 18. Bd3 Bd7 19. h4 h5 20. g5 b6 21. axb6 axb6 22. Rxa8 Rxa8 23. Na3 Ra4 24. Bxg6 fxg6 25. 0-0 Re4 26. Re1 Rxe1+ 27. Qxe1 Qc6 28. Qd1 Kf7 29. Kf2 Bc8 30. Qd3 Qa4 31. Nb5 Qxf4+ 32. Qf3 Qxf3+ 33. Kxf3 Ba6 34. Nd6+ Ke7 35. b4 Bd3 36. Nc8+ Kd7 37. Nxb6+ Kc6 38. bxc5 Kxc5 39. Na4+ Kc4 40. Ke3 Bc2 41. Nb6+ Kxc3 42. Nd7 d4+ 43. Kf4 d3 44. Nc5 d2 45. Nxe6 d1Q 46. Nxg7 Qg4+ 47. Ke3 Qg3+ 48. Ke2 Bd3+ 49. Kd1 Qg1# 0-1

[Event "Brno op 3rd"]
[Site "Brno"]
[Date "2012.11.13"]
[Round "4"]
[White "Vitula, Jan"]
[Black "Frantsuzova, Lyudmila Nikola"]
[Result "1/2-1/2"]
[WhiteElo "1884"]
[BlackElo "1764"]
[PlyCount "156"]
[EventDate "2012.11.10"]
[EventType "swiss"]
[EventRounds "9"]
[EventCountry "CZE"]
[SourceTitle "CBM 151 Extra"]
[Source "ChessBase"]
[SourceDate "2012.12.18"]
[SourceVersion "1"]
[SourceVersionDate "2012.12.18"]
[SourceQuality "1"]

1. e4 c5 2. Nf3 Nc6 3. Bb5 Nd4 4. Nxd4 cxd4 5. c3 a6 6. Be2 Qb6 7. cxd4 Qxd4 8. Nc3 e6 9. d3 Bb4 10. Qb3 Ba5 11. Be3 Qb4 12. Qc2 Nf6 13. a3 Qe7 14. b4 Bd8 15. 0-0 0-0 16. e5 Ne8 17. Ne4 b6 18. d4 Bb7 19. Bf3 d5 20. Ng5 f5 21. exf6 gxf6 22. Nh3 Qg7 23. Nf4 Nc7 24. Qb3 Kh8 25. Rac1 Qd7 26. Bg4 f5 27. Bf3 Rc8 28. Rc2 Ne8 29. Rfc1 Rxc2 30. Rxc2 Nf6 31. Be2 Ne4 32. b5 a5 33. a4 Be7 34. Nd3 Bf6 35. f3 Nd6 36. Ne5 Bxe5 37. dxe5 Nc8 38. Qc3 f4 39. Qc7 Qxc7 40. Rxc7 fxe3 41. Rxb7 Rd8 42. Bd3 d4 43. Rxh7+ Kg8 44. Rc7 Kf8 45. h4 Ne7 46. h5 Nf5 47. Bxf5 exf5 48. h6 Kg8 49. e6 Re8 50. e7 Kh7 51. Kf1 d3 52. Rd7 Kxh6 53. f4 Kh5 54. Rxd3 Rxe7 55. Ke2 Re4 56. Rd6 Rxf4 57. Rxb6 Rxa4 58. Kxe3 f4+ 59. Kf3 Rb4 60. Rb8 a4 61. Ra8 Kg5 62. b6 Rb3+ 63. Kf2 a3 64. b7 Rb2+ 65. Kf3 a2 66. Ra5+ Kf6 67. Rxa2 Rxb7 68. Kxf4 Rb4+ 69. Kg3 Kg5 70. Ra5+ Kg6 71. Kh3 Rb6 72. g4 Kh6 73. Kh4 Kg6 74. Ra8 Kh6 75. Rh8+ Kg6 76. Rg8+ Kh6 77. g5+ Kh7 78. Ra8 Kg6 1/2-1/2

[Event "Moscow op (Women)"]
[Site "Moscow"]
[Date "2012.02.04"]
[Round "8"]
[White "Kaydanovich, Marina"]
[Black "Frantsuzova, Lyudmila Nikola"]
[Result "1/2-1/2"]
[WhiteElo "1774"]
[BlackElo "1796"]
[PlyCount "87"]
[EventDate "2012.01.28"]
[EventType "swiss"]
[EventRounds "9"]
[EventCountry "RUS"]
[SourceTitle "CBM 146 Extra"]
[Source "ChessBase"]
[SourceDate "2012.02.29"]
[SourceVersion "1"]
[SourceVersionDate "2012.02.29"]
[SourceQuality "1"]

1. e4 c5 2. Nf3 Nc6 3. d4 cxd4 4. Nxd4 Nf6 5. Nc3 e5 6. Ndb5 d6 7. Bg5 a6 8. Na3 b5 9. Nd5 Be7 10. Nxe7 Qxe7 11. Bd3 h6 12. Bh4 Bb7 13. 0-0 Nb4 14. Qd2 Nxd3 15. cxd3 Rc8 16. Rac1 0-0 17. Rxc8 Rxc8 18. f3 d5 19. Rc1 Rxc1+ 20. Qxc1 b4 21. Nb1 Kh7 22. Nd2 g5 23. Bf2 g4 24. Qc5 Qxc5 25. Bxc5 dxe4 26. dxe4 gxf3 27. gxf3 Kg6 28. Bxb4 Nd7 29. Nc4 Bc6 30. Kg2 f5 31. Nd6 fxe4 32. fxe4 h5 33. Bd2 Nf6 34. Kf3 Nxe4 35. Nxe4 Kf5 36. h4 Bxe4+ 37. Kf2 Bd5 38. a3 Kg4 39. Bg5 a5 40. b4 axb4 41. axb4 Kf5 42. b5 Ke4 43. b6 Kd3 44. Be3 1/2-1/2

[Event "Moscow op (Women)"]
[Site "Moscow"]
[Date "2012.02.03"]
[Round "7"]
[White "Frantsuzova, Lyudmila Nikola"]
[Black "Savostina, Larisa"]
[Result "1-0"]
[WhiteElo "1796"]
[BlackElo "1627"]
[PlyCount "79"]
[EventDate "2012.01.28"]
[EventType "swiss"]
[EventRounds "9"]
[EventCountry "RUS"]
[SourceTitle "CBM 146 Extra"]
[Source "ChessBase"]
[SourceDate "2012.02.29"]
[SourceVersion "1"]
[SourceVersionDate "2012.02.29"]
[SourceQuality "1"]

1. d4 d5 2. Nf3 Nf6 3. c3 g6 4. Bf4 Bg7 5. e3 0-0 6. Bd3 Nc6 7. Na3 a6 8. h3 h6 9. g4 Ne4 10. Ne5 Nxe5 11. dxe5 Nc5 12. Bc2 c6 13. Bh2 e6 14. Bg3 b5 15. Qd4 Nd7 16. f4 c5 17. Qd3 Nb6 18. b3 Qe7 19. c4 b4 20. Nb1 Qb7 21. e4 dxc4 22. bxc4 Bd7 23. Nd2 Bc6 24. Qe3 Qe7 25. Bf2 Nd7 26. Rd1 Rac8 27. Nb3 Ba8 28. Rd6 Bb7 29. Na5 Rc7 30. Nxb7 Rxb7 31. Rxa6 Rc8 32. Ke2 g5 33. Bg3 f6 34. exf6 Bxf6 35. e5 gxf4 36. Bxf4 Bg5 37. Qe4 Rbc7 38. Qg6+ Kf8 39. Bxg5 hxg5 40. Rf1+ 1-0

[Event "Moscow op (Women)"]
[Site "Moscow"]
[Date "2012.02.01"]
[Round "5"]
[White "Frantsuzova, Lyudmila Nikola"]
[Black "Batrak, Alexandra"]
[Result "0-1"]
[WhiteElo "1796"]
[BlackElo "1906"]
[PlyCount "112"]
[EventDate "2012.01.28"]
[EventType "swiss"]
[EventRounds "9"]
[EventCountry "RUS"]
[SourceTitle "CBM 146 Extra"]
[Source "ChessBase"]
[SourceDate "2012.02.29"]
[SourceVersion "1"]
[SourceVersionDate "2012.02.29"]
[SourceQuality "1"]

1. d4 Nf6 2. Nf3 g6 3. c3 Bg7 4. Bf4 0-0 5. Nbd2 d5 6. e3 b6 7. Bd3 Bb7 8. Ne5 Nbd7 9. h4 Nh5 10. Bh2 c5 11. g4 Nhf6 12. f4 e6 13. Ndf3 Nxe5 14. Nxe5 Ne4 15. g5 f6 16. Nf3 Nd6 17. Bg3 Nf5 18. Bf2 Qd6 19. h5 cxd4 20. hxg6 dxe3 21. gxh7+ Kh8 22. Bxf5 exf2+ 23. Kxf2 fxg5 24. Ne5 Bxe5 25. fxe5 Rxf5+ 26. Kg1 Qxe5 27. Qd4 Qxd4+ 28. cxd4 Raf8 29. Re1 Bc8 30. Rc1 Rf4 31. Rc7 R4f7 32. Rc2 Ba6 33. Rc6 Rc8 34. Rxc8+ Bxc8 35. Rh5 Rxh7 36. Rxg5 Rg7 37. Rxg7 Kxg7 38. Kf2 Kf6 39. Ke3 Kf5 40. a4 Bd7 41. b3 b5 42. axb5 Bxb5 43. Kf3 e5 44. dxe5 Kxe5 45. Ke3 d4+ 46. Kd2 Ke4 47. Kc2 Ke3 48. Kd1 Be2+ 49. Kc1 d3 50. Kb2 d2 51. Kc3 d1Q 52. Kb4 Qd6+ 53. Kc3 Qd4+ 54. Kc2 Bd1+ 55. Kb1 Bxb3 56. Kc1 Qa1# 0-1

[Event "Marianske Lazne op 11th"]
[Site "Marianske Lazne"]
[Date "2012.01.27"]
[Round "8"]
[White "Grillich, Alexander"]
[Black "Frantsuzova, Lyudmila Nikola"]
[Result "1/2-1/2"]
[WhiteElo "1960"]
[BlackElo "1796"]
[PlyCount "104"]
[EventDate "2012.01.21"]
[EventType "swiss"]
[EventRounds "9"]
[EventCountry "CZE"]
[SourceTitle "CBM 146 Extra"]
[Source "ChessBase"]
[SourceDate "2012.02.29"]
[SourceVersion "1"]
[SourceVersionDate "2012.02.29"]
[SourceQuality "1"]

1. e4 c5 2. Nf3 Nc6 3. Bb5 Nd4 4. Nxd4 cxd4 5. Be2 e5 6. d3 Bb4+ 7. Bd2 Qa5 8. c3 dxc3 9. Nxc3 Nf6 10. a3 Be7 11. Nd5 Qd8 12. Nxe7 Qxe7 13. 0-0 0-0 14. Bb4 d6 15. f4 Nd7 16. Rc1 a5 17. Bc3 Nc5 18. f5 f6 19. b4 axb4 20. Bxb4 Bd7 21. Bxc5 dxc5 22. Qb3+ Kh8 23. Qxb7 Rxa3 24. Ra1 Rxa1 25. Rxa1 Qd6 26. Ra7 Rd8 27. Qc7 Qf8 28. Ra5 g6 29. fxg6 hxg6 30. Qxc5 Qxc5+ 31. Rxc5 Kg7 32. Rd5 Kf7 33. Bg4 Ke7 34. Rxd7+ Rxd7 35. Bxd7 Kxd7 36. Kf2 Kd6 37. Ke3 Kc5 38. g3 Kd6 39. d4 exd4+ 40. Kxd4 Ke6 41. Ke3 Ke5 42. Kf3 g5 43. h3 f5 44. exf5 Kxf5 45. Ke3 Ke5 46. Kd3 Kd5 47. Ke3 Ke5 48. Kf3 Kf5 49. g4+ Ke5 50. Kg3 Kf6 51. h4 gxh4+ 52. Kxh4 Kg6 1/2-1/2

[Event "Brno op 2nd"]
[Site "Brno"]
[Date "2011.11.16"]
[Round "6"]
[White "Frantsuzova, Lyudmila Nikola"]
[Black "Sojka, Oldrich"]
[Result "1-0"]
[WhiteElo "1827"]
[BlackElo "1657"]
[PlyCount "91"]
[EventDate "2011.11.12"]
[EventType "swiss"]
[EventRounds "9"]
[EventCountry "CZE"]
[SourceTitle "EXT 2012"]
[Source "ChessBase"]
[SourceDate "2011.11.24"]
[SourceVersion "1"]
[SourceVersionDate "2011.11.24"]
[SourceQuality "1"]

1. d4 d5 2. Nf3 Nc6 3. c3 Nf6 4. Ne5 e6 5. Bg5 Be7 6. Nd2 Nd7 7. Bf4 Ndxe5 8. dxe5 Bg5 9. Bg3 f6 10. f4 Bh6 11. exf6 Qxf6 12. e3 g6 13. Nf3 Bd7 14. Bb5 Qe7 15. Qd3 Bg7 16. h4 0-0-0 17. h5 h6 18. hxg6 Rdg8 19. 0-0-0 a6 20. Ba4 b5 21. Bc2 Rd8 22. e4 dxe4 23. Qxe4 Kb8 24. Bh4 Bf6 25. g4 Bxh4 26. Rxh4 Na5 27. Qb4 Nc6 28. Qxe7 Nxe7 29. Ne5 Bc6 30. Rxd8+ Rxd8 31. Rxh6 Kb7 32. Rh7 Nd5 33. Nxc6 Kxc6 34. Be4 Kd6 35. Bxd5 exd5 36. Kd2 c6 37. g7 Rg8 38. Ke3 c5 39. Rh6+ Kc7 40. Rxa6 Re8+ 41. Kd2 Kb7 42. Rf6 Rg8 43. Rf7+ Kc6 44. g5 Kd6 45. f5 Ke5 46. f6 1-0

[Event "Moscow op-F (Women)"]
[Site "Moscow"]
[Date "2011.02.02"]
[Round "5"]
[White "Stanetskaya, Galina"]
[Black "Frantsuzova, Lyudmila Nikola"]
[Result "0-1"]
[WhiteElo "1531"]
[BlackElo "1839"]
[PlyCount "74"]
[EventDate "2011.01.29"]
[EventType "swiss"]
[EventRounds "9"]
[EventCountry "RUS"]
[SourceTitle "CBM 140 Extra"]
[Source "ChessBase"]
[SourceDate "2011.03.01"]
[SourceVersion "1"]
[SourceVersionDate "2011.03.01"]
[SourceQuality "1"]

1. d4 d5 2. c4 c6 3. c5 Bf5 4. e3 Nd7 5. Nf3 Ngf6 6. Nc3 b6 7. b4 a5 8. bxa5 bxc5 9. Bd3 Bxd3 10. Qxd3 Rxa5 11. Bd2 c4 12. Qb1 Ra3 13. 0-0 e6 14. Qb7 Qa8 15. Qxa8+ Rxa8 16. a4 Bb4 17. Rfb1 Ba5 18. h3 Ke7 19. Rc1 Rhb8 20. Ne5 Nxe5 21. dxe5 Nd7 22. f4 Nc5 23. Be1 Nb3 24. Rd1 Nxa1 25. Rxa1 Rb3 26. Rc1 Bxc3 27. Bxc3 Rxa4 28. Kh2 c5 29. Kg3 Raa3 30. Bd2 Ra2 31. Rd1 c3 32. Bc1 Rb1 33. Kf3 Raa1 34. Ke2 Rxc1 35. Rxc1 Rxc1 36. g4 c4 37. f5 Rh1 0-1

[Event "Moscow op-F (Women)"]
[Site "Moscow"]
[Date "2011.01.31"]
[Round "3"]
[White "Loginova, Tatiana"]
[Black "Frantsuzova, Lyudmila Nikola"]
[Result "0-1"]
[WhiteElo "1599"]
[BlackElo "1839"]
[PlyCount "70"]
[EventDate "2011.01.29"]
[EventType "swiss"]
[EventRounds "9"]
[EventCountry "RUS"]
[SourceTitle "CBM 140 Extra"]
[Source "ChessBase"]
[SourceDate "2011.03.01"]
[SourceVersion "1"]
[SourceVersionDate "2011.03.01"]
[SourceQuality "1"]

1. e4 c5 2. Nf3 Nc6 3. d4 cxd4 4. Nxd4 Nf6 5. Nc3 e5 6. Ndb5 d6 7. Bg5 h6 8. Bh4 a6 9. Na3 b5 10. Nd5 g5 11. Bg3 Nxe4 12. Qf3 Nxg3 13. Nf6+ Ke7 14. hxg3 Bb7 15. Nd5+ Ke6 16. Ne3 d5 17. Qf5+ Ke7 18. 0-0-0 d4 19. Ng4 Bg7 20. Re1 f6 21. Rh2 Qa5 22. Re2 Nb4 23. Kb1 Bd5 24. f4 Bxa2+ 25. Ka1 Be6 26. Qg6 Bxg4 27. Qxg7+ Ke6 28. Rd2 Bf5 29. Kb1 Rh7 30. Qxh7 Bxh7 31. Rxh6 Bxc2+ 32. Nxc2 Qa2+ 33. Kc1 Rc8 34. Kd1 Qb1+ 35. Ke2 d3+ 0-1

[Event "Plzen op 2nd"]
[Site "Plzen"]
[Date "2010.12.11"]
[Round "9"]
[White "Cecil, Pavel"]
[Black "Frantsuzova, Lyudmila Nikola"]
[Result "1-0"]
[WhiteElo "1979"]
[BlackElo "1836"]
[PlyCount "113"]
[EventDate "2010.12.04"]
[EventType "swiss"]
[EventRounds "9"]
[EventCountry "CZE"]
[SourceTitle "CBM 139 Extra"]
[Source "ChessBase"]
[SourceDate "2011.01.05"]
[SourceVersion "1"]
[SourceVersionDate "2011.01.05"]
[SourceQuality "1"]

1. d4 d5 2. c4 c6 3. Nc3 Nf6 4. Nf3 Bf5 5. cxd5 Nxd5 6. Nxd5 Qxd5 7. e3 Nd7 8. b3 b5 9. Be2 e6 10. 0-0 Bd6 11. Nd2 e5 12. Bb2 e4 13. f4 Bg6 14. a4 0-0 15. axb5 cxb5 16. Ba3 Bxa3 17. Rxa3 f5 18. Qa1 Qb7 19. b4 Rfc8 20. Rc1 Rxc1+ 21. Qxc1 Rc8 22. Rc3 Rxc3 23. Qxc3 Bf7 24. Kf2 a6 25. g4 g6 26. g5 Nb6 27. Ke1 Nd5 28. Qa3 Qc6 29. Kd1 Qd6 30. Nb1 Qxb4 31. Qxb4 Nxb4 32. Kd2 Nd5 33. Nc3 Nc7 34. h4 Kg7 35. Kc2 Nd5 36. Nxd5 Bxd5 37. Kc3 Kf7 38. Kb4 Ke6 39. Kc5 Ba2 40. h5 gxh5 41. Bxh5 Bc4 42. Be8 Ke7 43. Bc6 Bd3 44. Bd5 Kf8 45. Be6 a5 46. Bxf5 a4 47. Kb4 Kg7 48. d5 h5 49. gxh6+ Kxh6 50. d6 a3 51. Kxa3 b4+ 52. Kxb4 Kh5 53. d7 Kh4 54. d8Q+ Kg3 55. Qd4 Kf2 56. Bxe4 Bxe4 57. Qxe4 1-0

[Event "Plzen op 2nd"]
[Site "Plzen"]
[Date "2010.12.08"]
[Round "6"]
[White "Frantsuzova, Lyudmila Nikola"]
[Black "Jiruse, Josef"]
[Result "0-1"]
[WhiteElo "1836"]
[BlackElo "2059"]
[PlyCount "82"]
[EventDate "2010.12.04"]
[EventType "swiss"]
[EventRounds "9"]
[EventCountry "CZE"]
[SourceTitle "CBM 139 Extra"]
[Source "ChessBase"]
[SourceDate "2011.01.05"]
[SourceVersion "1"]
[SourceVersionDate "2011.01.05"]
[SourceQuality "1"]

1. d4 d5 2. Nf3 c6 3. c3 Bf5 4. Nh4 Bg6 5. Nxg6 hxg6 6. Nd2 Nf6 7. Nf3 Nbd7 8. e3 Qc7 9. Bd3 e5 10. dxe5 Nxe5 11. Nxe5 Qxe5 12. h3 g5 13. g4 Bc5 14. Qe2 0-0-0 15. Bf5+ Kb8 16. f4 gxf4 17. exf4 Qxe2+ 18. Kxe2 g6 19. g5 Nh5 20. Bg4 Ng3+ 21. Kf3 Nxh1 22. f5 Nf2 23. Bf4+ Ka8 24. Be5 Nxg4 25. hxg4 Rhe8 26. Bf4 a5 27. a3 a4 28. Rb1 d4 29. b4 axb3 30. cxd4 Rxd4 31. Rxb3 Ra4 32. Bc1 Ree4 33. Rd3 Rxg4 34. fxg6 fxg6 35. Rd8+ Ka7 36. Rg8 Rgc4 37. Bb2 Bxa3 38. Be5 Bc1 39. Bb8+ Kb6 40. Rxg6 Rc3+ 41. Ke2 Ra2+ 0-1

[Event "Moscow op-C (Women)"]
[Site "Moscow"]
[Date "2010.02.07"]
[Round "9.58"]
[White "Maliutina, Yulia"]
[Black "Frantsuzova, Lyudmila Nikola"]
[Result "1-0"]
[WhiteElo "1780"]
[BlackElo "1883"]
[PlyCount "65"]
[EventDate "2010.01.30"]
[EventType "swiss"]
[EventRounds "9"]
[EventCountry "RUS"]
[SourceTitle "EXT 2023"]
[Source "ChessBase"]
[SourceDate "2022.10.05"]
[SourceVersion "1"]
[SourceVersionDate "2022.10.05"]
[SourceQuality "1"]

1. e4 c5 2. c3 Nc6 3. d4 cxd4 4. cxd4 d5 5. exd5 Qxd5 6. Nf3 Bg4 7. Be2 e6 8. Nc3 Bb4 9. 0-0 Qd7 10. a3 Be7 11. d5 exd5 12. Qxd5 Nf6 13. Qxd7+ Bxd7 14. Bg5 a6 15. Rad1 b5 16. Rfe1 0-0-0 17. a4 Na7 18. Ne5 Be6 19. Be3 Rxd1 20. Rxd1 Nd7 21. Nxd7 Bxd7 22. Bxa7 Bc6 23. axb5 axb5 24. Bxb5 Kb7 25. Bd4 f6 26. Re1 Bd6 27. Ra1 Bxb5 28. Nxb5 Bb8 29. g3 Kc6 30. Nc3 Bc7 31. Ra6+ Kb7 32. Ra7+ Kc6 33. b4 1-0

[Event "Marianske Lazne op"]
[Site "Marianske Lazne"]
[Date "2010.01.19"]
[Round "4"]
[White "Grochocinska, Urszula"]
[Black "Frantsuzova, Lyudmila Nikola"]
[Result "0-1"]
[WhiteElo "1688"]
[BlackElo "2120"]
[PlyCount "92"]
[EventDate "2010.01.16"]
[EventType "swiss"]
[EventRounds "9"]
[EventCountry "CZE"]
[SourceTitle "CBM 134 Extra"]
[Source "ChessBase"]
[SourceDate "2010.03.03"]
[SourceVersion "1"]
[SourceVersionDate "2010.03.03"]
[SourceQuality "1"]

1. e4 c5 2. c3 Nc6 3. d4 cxd4 4. cxd4 d5 5. exd5 Qxd5 6. Nf3 Bg4 7. Be2 e6 8. Nc3 Qd7 9. Be3 Bb4 10. 0-0 Nf6 11. Qb3 0-0 12. Rad1 Bxc3 13. Qxc3 Nd5 14. Qc2 Qd6 15. Ng5 Bxe2 16. Qxe2 Nce7 17. Ne4 Qb6 18. Bg5 Nf5 19. Qd2 Rac8 20. Nc3 Nxc3 21. bxc3 Qc6 22. Rc1 Qd7 23. Rfe1 f6 24. Be3 Rc4 25. Qe2 Nh4 26. f3 Ng6 27. Bd2 e5 28. Rb1 exd4 29. cxd4 Rxd4 30. Be3 Ra4 31. Red1 Rxa2 32. Qe1 Qf7 33. Qb4 b6 34. Qb5 Re8 35. Bf2 Ree2 36. Rd8+ Nf8 37. Rf1 Qe7 38. Qc4+ Qf7 39. Qg4 h6 40. Rfd1 Rxf2 41. g3 Rg2+ 42. Kh1 Rxh2+ 43. Kg1 Rhg2+ 44. Kh1 Rae2 45. Rxf8+ Qxf8 46. Qc4+ Kh7 0-1

[Event "Moscow op-C 04th (Women)"]
[Site "Moscow"]
[Date "2008.02.08"]
[Round "7"]
[White "Bukhteeva, Viktoria"]
[Black "Frantsuzova, Lyudmila Nikola"]
[Result "1-0"]
[WhiteElo "2065"]
[BlackElo "2120"]
[PlyCount "63"]
[EventDate "2008.02.02"]
[EventType "swiss"]
[EventRounds "9"]
[EventCountry "RUS"]
[SourceTitle "CBM 122 Extra"]
[Source "ChessBase"]
[SourceDate "2008.03.04"]
[SourceVersion "1"]
[SourceVersionDate "2008.03.04"]
[SourceQuality "1"]

1. e4 c5 2. Nf3 Nc6 3. Bb5 g6 4. 0-0 Bg7 5. Re1 e5 6. b4 Nd4 7. Nxd4 cxd4 8. a4 Nf6 9. d3 a6 10. Bc4 b6 11. Nd2 0-0 12. Ba3 d5 13. exd5 Nxd5 14. b5 Re8 15. Qf3 Be6 16. Ne4 Nf4 17. Nd6 Re7 18. Nb7 Rxb7 19. Qxb7 Bxc4 20. dxc4 axb5 21. Be7 Qc8 22. Qxc8+ Rxc8 23. axb5 f5 24. c5 Nd5 25. Bd6 bxc5 26. Bxe5 Bf8 27. Rab1 Re8 28. f4 g5 29. b6 gxf4 30. b7 Nb4 31. b8Q Rxb8 32. Bxb8 1-0

[Event "Moscow op-C 04th (Women)"]
[Site "Moscow"]
[Date "2008.02.04"]
[Round "3"]
[White "Kovalenko, Yulya"]
[Black "Frantsuzova, Lyudmila Nikola"]
[Result "0-1"]
[WhiteElo "1980"]
[BlackElo "2120"]
[PlyCount "98"]
[EventDate "2008.02.02"]
[EventType "swiss"]
[EventRounds "9"]
[EventCountry "RUS"]
[SourceTitle "CBM 122 Extra"]
[Source "ChessBase"]
[SourceDate "2008.03.04"]
[SourceVersion "1"]
[SourceVersionDate "2008.03.04"]
[SourceQuality "1"]

1. d4 d5 2. Nf3 Nf6 3. Bg5 Bg4 4. Ne5 Bh5 5. h3 Ne4 6. Bf4 g5 7. Bh2 c6 8. g4 Qa5+ 9. c3 Qb6 10. Qc2 Bg6 11. Nxg6 hxg6 12. Nd2 f5 13. Be5 Rh4 14. f3 Nxd2 15. Qxd2 f4 16. Qc2 Kf7 17. e3 fxe3 18. Bd3 Rh6 19. 0-0-0 Nd7 20. f4 Nxe5 21. fxe5 c5 22. Qg2 cxd4 23. Qxd5+ e6 24. Qd7+ Kg8 25. Bc4 dxc3 26. bxc3 Rh7 27. Qxe6+ Qxe6 28. Bxe6+ Kh8 29. Bd7 Bg7 30. Rd5 Rd8 31. Kc2 Rf8 32. Kd3 Rf3 33. Ke2 Rfxh3 34. Rxh3 Rxh3 35. e6 Bf6 36. Re5 Be7 37. a4 Rg3 38. Re4 Kg7 39. Rxe3 Rxg4 40. Rd3 Kf6 41. Rd5 Rf4 42. Ke3 Rf5 43. Rd1 g4 44. Ke4 g5 45. Rh1 Rf4+ 46. Kd5 g3 47. Rg1 Rf3 48. c4 Kf5 49. Bc8 Rd3# 0-1

[Event "Centrocoop op"]
[Site "Eforie Nord"]
[Date "2000.??.??"]
[Round "?"]
[White "Frantsuzova, Lyudmila Nikola"]
[Black "Andries, Eugen"]
[Result "1-0"]
[WhiteElo "2120"]
[BlackElo "1655"]
[PlyCount "69"]
[EventDate "2000.??.??"]
[EventType "swiss"]
[EventRounds "9"]
[EventCountry "ROU"]
[SourceTitle "EXT 2004"]
[Source "ChessBase"]
[SourceDate "2003.11.25"]
[SourceVersion "1"]
[SourceVersionDate "2003.11.25"]
[SourceQuality "1"]

1. d4 e6 2. Nf3 Nf6 3. Bg5 Be7 4. e3 c5 5. c3 cxd4 6. exd4 0-0 7. Nbd2 h6 8. Bf4 Nc6 9. Bd3 d6 10. Nc4 b5 11. Ne3 Qb6 12. h4 Nh5 13. Bh2 f5 14. Qb3 Rb8 15. Bxf5 Nd8 16. g4 Nf6 17. g5 Ne8 18. gxh6 gxh6 19. Bf4 Ng7 20. Rg1 Kh8 21. Bxh6 Rxf5 22. Bxg7+ Kh7 23. Nxf5 exf5 24. Be5 Be6 25. d5 dxe5 26. dxe6 Qc6 27. Qd1 Nxe6 28. Nxe5 Qe4+ 29. Qe2 Qxh4 30. Ng6 Nf4 31. Nxf4 Bg5 32. Qh5+ Qxh5 33. Nxh5 Re8+ 34. Kf1 Kh6 35. Ng3 1-0